| 000 | 00616nam a22002057a 4500 | ||
|---|---|---|---|
| 005 | 20171012142347.0 | ||
| 010 | _aENG-120987 | ||
| 020 |
_c425.00 _a9788120342323 |
||
| 035 | _aEN-104519 | ||
| 037 | _bDBAD/PUB | ||
| 082 | _a658.4 | ||
| 100 | _aBarney, Jay B. | ||
| 245 |
_aGaining and sustaining competitive advantage / _cJay B. Barney |
||
| 250 | _a4th | ||
| 260 |
_aNew Delhi _bPHI Learning _c2011 |
||
| 270 |
_aM-97, Connaught Circus _bNew Delhi _e110020 |
||
| 300 |
_axi,495p. _c25cm(Hb) _bill |
||
| 500 | _aIncludes bibliographical references and index | ||
| 942 |
_2ddc _cEN _h658.4 _mBAR |
||
| 999 |
_c146544 _d146544 |
||